Ireland in Eurovision - 12 points - Statistics

General Stats
  • This quiz has been taken 20 times
  • The average score is 73 of 82
Answer Stats
Hint Answer % Correct
1975 France
100%
2021 (Jury) France
100%
1982 Germany
100%
2022 (Jury) Spain
100%
1984 Sweden
100%
1995 Sweden
100%
1996 QR Sweden
100%
1996 Sweden
100%
2004 Sweden
100%
2012 Sweden
100%
2019 SF (Jury) Sweden
100%
2019 (Jury) Sweden
100%
2022 SF (Jury) Sweden
100%
2023 (Jury) Sweden
100%
1980 Switzerland
100%
1981 Switzerland
100%
2024 (Jury) Switzerland
100%
2022 (Televote) Ukraine
100%
1997 United Kingdom
100%
1992 Austria
94%
2014 SF Austria
94%
2014 Austria
94%
2000 Denmark
94%
2001 Denmark
94%
2005 SF Denmark
94%
2010 Denmark
94%
2011 SF Denmark
94%
2011 Denmark
94%
2013 SF Denmark
94%
2013 Denmark
94%
1977 Finland
94%
2023 SF (Televote) Finland
94%
2023 (Televote) Finland
94%
2009 Iceland
94%
1976 Italy
94%
1987 Italy
94%
1990 Italy
94%
1985 Norway
94%
2003 Norway
94%
2019 (Televote) Norway
94%
1978 Belgium
88%
1986 Belgium
88%
2016 SF (Jury) Belgium
88%
2016 (Jury) Belgium
88%
2017 (Jury) Belgium
88%
2017 SF (Jury) Bulgaria
88%
2018 SF (Jury) Cyprus
88%
2018 (Jury) Cyprus
88%
1979 Israel
88%
1988 Luxembourg
88%
1993 Netherlands
88%
2004 SF Netherlands
88%
2008 SF Poland
88%
2022 SF (Televote) Poland
88%
2024 (Televote) Croatia
82%
1994 Hungary
82%
1991 Malta
82%
1998 Malta
82%
2021 SF (Jury) Malta
82%
2012 SF Romania
82%
2017 (Televote) Romania
82%
2005 Latvia
76%
2007 SF Latvia
76%
2008 Latvia
76%
2015 SF Latvia
76%
2015 Latvia
76%
2006 SF Lithuania
76%
2006 Lithuania
76%
2007 Lithuania
76%
2009 SF Lithuania
76%
2010 SF Lithuania
76%
2016 SF (Televote) Lithuania
76%
2016 (Televote) Lithuania
76%
2017 SF (Televote) Lithuania
76%
2018 SF (Televote) Lithuania
76%
2018 (Televote) Lithuania
76%
2019 SF (Televote) Lithuania
76%
2021 SF (Televote) Lithuania
76%
2021 (Televote) Lithuania
76%
2024 SF (Televote) Lithuania
76%
1999 Slovenia
71%
1989 Yugoslavia
71%
No matching quizzes found
Score Distribution
Percent of People with Each Score
Percentile by Number Answered
Your Score History
You have not taken this quiz